[Event "Sardinia World Open A"]
[Site "Orosei ITA"]
[Date "2025.04.28"]
[Round "3.33"]
[White "Duraccio, Walter Mattia"]
[Black "Swara Lakshmi S Nair"]
[Result "0-1"]
[BlackTitle "WCM"]
[WhiteElo "2020"]
[BlackElo "2216"]
[WhiteFideId "2865713"]
[BlackFideId "25629239"]
[EventDate "2025.04.27"]

1. c4 g6 2. g3 c6 3. Bg2 d5 4. d4 Nf6 5. Nf3 Bg7 6. O-O O-O 7. Ne5 Bf5 8. Nc3
dxc4 9. Nxc4 Be6 10. b3 Nd5 11. Ne4 Nb6 12. Na5 Bc8 13. Bb2 Na4 14. bxa4 Qxa5
15. Bc3 Qh5 16. a5 Na6 17. Rb1 Rb8 18. Qd2 Rd8 19. Qe3 Bh3 20. Bxh3 Qxh3 21. Ng5
Qd7 22. Rfd1 Nc7 23. Qf3 Qd5 24. Qf4 Nb5 25. e4 Nxc3 26. Qxb8 Rxb8 27. exd5 cxd5
28. Nf3 Nxd1 29. Rxd1 Rc8 30. Rb1 Rc7 31. Kf1 e6 32. Rb2 Kf8 33. Ke2 Ke7 34. Kd3
Kd6 35. Nd2 f6 36. f4 Kd7 37. Rb5 Bf8 38. Rb1 Bd6 39. Rb3 Kc8 40. Rb1 Rc6 41.
Re1 Bb4 42. Re2 Rc3# 0-1

[Event "Sardinia World Open A"]
[Site "Orosei ITA"]
[Date "2025.04.28"]
[Round "3.34"]
[White "Sarabando, Rodrigo Andias"]
[Black "Akshat Sureka"]
[Result "0-1"]
[WhiteElo "2211"]
[BlackElo "2009"]
[WhiteFideId "1950010"]
[BlackFideId "25774492"]
[EventDate "2025.04.27"]

1. d4 Nf6 2. Nf3 e6 3. Bg5 c5 4. d5 d6 5. Nc3 Be7 6. e4 e5 7. Bxf6 Bxf6 8. Bb5+
Nd7 9. a4 a6 10. Be2 b6 11. Nd2 O-O 12. Bg4 Rb8 13. Qe2 g6 14. h4 Bxh4 15. Bxd7
Bxd7 16. Qxa6 Ra8 17. Qd3 Bg5 18. Nf3 f5 19. O-O Bh6 20. Nd2 Bxd2 21. Qxd2 Qh4
22. f4 fxe4 23. Nxe4 exf4 24. Qc3 f3 25. gxf3 Rae8 26. Qe1 Qh5 27. Qg3 Rf5 28.
Qh2 Qxh2+ 29. Kxh2 Ref8 30. Kg3 Rxd5 31. Rad1 Rxd1 32. Rxd1 Bxa4 33. b3 Bc6 34.
Rxd6 Rc8 35. Nf6+ Kg7 36. Nd5 Bxd5 37. Rxd5 Rf8 38. Rd7+ Rf7 39. Rd6 Rf6 40.
Rd7+ Kh6 41. Kg4 g5 42. Rb7 Kg6 43. Rb8 h5+ 44. Kg3 h4+ 45. Kf2 Kg7 46. Kg2 Rd6
47. Kh3 Kg6 48. Kg4 Rd4+ 49. Kh3 Rb4 50. Kg2 Kf5 51. Rf8+ Ke5 52. Rg8 Kf4 53.
Kf2 Rd4 54. Rf8+ Ke5 55. Re8+ Kf6 56. Re2 Kf5 57. Ke3 h3 58. Kf2 Kf4 59. c3 Rd3
60. Re4+ Kf5 61. Rc4 Rd2+ 62. Kg1 Rg2+ 63. Kh1 g4 64. b4 gxf3 65. b5 f2 0-1

[Event "Sardinia World Open A"]
[Site "Orosei ITA"]
[Date "2025.04.28"]
[Round "3.35"]
[White "Pranava Ravikumar"]
[Black "Grot, Blazej"]
[Result "0-1"]
[BlackTitle "CM"]
[WhiteElo "2016"]
[BlackElo "2206"]
[WhiteFideId "25674196"]
[BlackFideId "21835845"]
[EventDate "2025.04.27"]

1. d4 d5 2. Nf3 Nf6 3. e3 a6 4. Bd3 c5 5. b3 cxd4 6. exd4 Nc6 7. Bb2 Bg4 8. a3
e6 9. O-O Bd6 10. Nbd2 O-O 11. Qe1 Rc8 12. Ne5 Bf5 13. Bxf5 exf5 14. c4 Re8 15.
f4 Bb8 16. c5 Ne7 17. b4 Ne4 18. a4 f6 19. Nd3 Ng6 20. Qd1 Qd7 21. Nb1 Ne7 22.
Na3 g5 23. b5 Ng6 24. g3 gxf4 25. gxf4 Qg7 26. Kh1 Qh6 27. Qf3 Kh8 28. Bc1 Rg8
29. Ra2 Nh4 30. Qe3 Ng3+ 31. hxg3 Nf3+ 32. Kg2 Qh2+ 33. Kxf3 Rxg3# 0-1

[Event "Sardinia World Open A"]
[Site "Orosei ITA"]
[Date "2025.04.28"]
[Round "3.36"]
[White "Bellincampi, Stefano"]
[Black "Maisuradze, Nino"]
[Result "0-1"]
[WhiteTitle "CM"]
[BlackTitle "WGM"]
[WhiteElo "1949"]
[BlackElo "2189"]
[WhiteFideId "804630"]
[BlackFideId "13601717"]
[EventDate "2025.04.27"]

1. e4 e6 2. d4 d5 3. Nd2 Nc6 4. Ngf3 Nf6 5. e5 Nd7 6. Bd3 f6 7. exf6 Qxf6 8. Nf1
e5 9. Ne3 Nb6 10. dxe5 Nxe5 11. Nxe5 Qxe5 12. O-O Bd6 13. g3 O-O 14. c3 Bd7 15.
Ng2 Rae8 16. Bf4 Qf6 17. Qc2 g6 18. Bxd6 Qxd6 19. Rae1 c5 20. Rxe8 Bxe8 21. Ne3
Nd7 22. Rd1 Bf7 23. Bf1 Qe5 24. Qa4 Nf6 25. Ng4 Nxg4 26. Qxg4 Be6 27. Qe2 Qxe2
28. Bxe2 Rd8 29. f4 a6 30. Kf2 b5 31. b3 Kf7 32. Ke3 h5 33. Rd2 Ke7 34. Bf3 a5
35. a3 b4 36. axb4 axb4 37. cxb4 d4+ 38. Kd3 cxb4 39. Be4 Kf6 40. Kc2 Rc8+ 41.
Kb2 Rd8 42. Kc2 Bg4 43. Kd3 Be6 44. Kc2 h4 45. Rd1 h3 46. Rd2 Rd7 47. Rd1 Rc7+
48. Kb2 Rc3 49. Rxd4 Rxb3+ 50. Kc2 Rc3+ 51. Kd2 Rb3 52. Kc2 Re3 53. Kd2 Rb3 54.
Kc2 Rc3+ 55. Kd2 Rc4 56. Rxc4 Bxc4 57. g4 g5 58. fxg5+ Kxg5 59. Bf5 Kf4 60. Ke1
Ba2 61. Kf2 Bb3 62. Bd7 Bc2 63. g5 Bf5 64. Ba4 Kxg5 65. Kg3 Be6 66. Bc2 Kf6 67.
Kf4 b3 68. Bb1 b2 69. Bc2 Ke7 70. Bb1 Kd6 71. Ke3 Kc5 72. Kd2 Kd4 73. Bc2 Ba2 0-1

[Event "Sardinia World Open A"]
[Site "Orosei ITA"]
[Date "2025.04.28"]
[Round "3.37"]
[White "Gut, Lionel"]
[Black "Di Stasio, Giuseppe Danilo"]
[Result "1/2-1/2"]
[WhiteElo "2177"]
[BlackElo "1963"]
[WhiteFideId "1339966"]
[BlackFideId "849928"]
[EventDate "2025.04.27"]

1. d4 d5 2. c4 e6 3. Nc3 Nf6 4. cxd5 exd5 5. Bg5 Be7 6. e3 c6 7. Bd3 O-O 8. Qc2
Nbd7 9. Nge2 Re8 10. O-O Nf8 11. Rae1 g6 12. Nf4 Ne6 13. Nxe6 Bxe6 14. f4 Ne4
15. Bxe7 Qxe7 16. Nxe4 dxe4 17. Bxe4 Bxa2 18. Bd3 Qb4 19. f5 Rad8 20. fxg6 hxg6
21. Bxg6 Rd6 22. Bh5 Qa5 23. b4 Qxh5 24. Qxa2 a6 25. Qf2 Rde6 26. Qg3+ Rg6 27.
Qf4 Rg4 28. Qf3 Qg6 29. Re2 Re7 30. g3 Rge4 31. Rfe1 Qd6 32. Qf5 Qxb4 33. Qg5+
Kf8 34. Rf1 Qb3 35. Qf6 Ke8 36. Qf5 Kd8 37. Rfe1 Kc7 38. h4 Qb5 39. Qxb5 axb5
40. Kf2 Kd6 41. Kf3 Kd5 42. g4 f5 43. gxf5 Rf7 44. Kg3 1/2-1/2

[Event "Sardinia World Open A"]
[Site "Orosei ITA"]
[Date "2025.04.28"]
[Round "3.38"]
[White "Ravi Krishna G"]
[Black "Solomon, Kenny"]
[Result "0-1"]
[BlackTitle "GM"]
[WhiteElo "2100"]
[BlackElo "2272"]
[WhiteFideId "25707817"]
[BlackFideId "14300192"]
[EventDate "2025.04.27"]

1. d4 Nf6 2. c4 e6 3. Nf3 b6 4. Bf4 Bb7 5. e3 Be7 6. Bd3 Nh5 7. Bg3 d6 8. Nc3 g6
9. Be2 Nd7 10. O-O O-O 11. d5 e5 12. Ne1 Ng7 13. e4 Bg5 14. Nd3 Qe7 15. f3 Be3+
16. Bf2 Bxf2+ 17. Nxf2 f5 18. b4 Nh5 19. Qd2 Nf4 20. g3 Nxe2+ 21. Qxe2 Rf7 22.
Nd3 Ba6 23. Nb5 Nf6 24. a4 Qd7 25. Nf2 c6 26. dxc6 Qxc6 27. Rfd1 Rd8 28. exf5
gxf5 29. Nxd6 Rxd6 30. b5 Bxb5 31. cxb5 Rxd1+ 32. Rxd1 Qc5 33. Kg2 Nd5 34. Re1
f4 35. Ng4 Re7 36. Qe4 Kg7 37. Qf5 Qd6 38. Rxe5 Ne3+ 39. Nxe3 Qxe5 40. Qg4+ Kf6
41. Qxf4+ Qxf4 42. Nd5+ Ke5 43. Nxf4 Rd7 44. Ne2 Rd2 45. Kf2 Ra2 46. Ke3 Ra3+
47. Kf2 Rxa4 48. f4+ Kf5 49. h3 h5 50. Ke3 Ra3+ 51. Kf2 Ke4 52. Ng1 h4 53. gxh4
Kxf4 54. Ne2+ Ke5 55. Kg2 Rb3 56. h5 Rxb5 57. Kg3 Rb4 58. h6 Kf6 59. Nf4 Rxf4 0-1

[Event "Sardinia World Open A"]
[Site "Orosei ITA"]
[Date "2025.04.28"]
[Round "3.39"]
[White "Nortier, Julien"]
[Black "Sitbon, Itay"]
[Result "0-1"]
[WhiteElo "2083"]
[BlackElo "2177"]
[WhiteFideId "36084140"]
[BlackFideId "2820706"]
[EventDate "2025.04.27"]

1. d4 Nf6 2. Bf4 d5 3. e3 e6 4. Nf3 Bd6 5. Ne5 c5 6. Bb5+ Ke7 7. c3 a6 8. Bd3
Nc6 9. Nd2 Qc7 10. Ndf3 Nd7 11. Nxc6+ bxc6 12. Bg5+ Kf8 13. O-O f5 14. c4 h6 15.
Bh4 g5 16. Bg3 Kg7 17. Rc1 Bxg3 18. hxg3 Qd6 19. Qc2 cxd4 20. c5 Qc7 21. exd4 g4
22. Nd2 Nf6 23. Rfe1 a5 24. Re5 Qf7 25. Rce1 Ra7 26. Qa4 Nd7 27. R5e2 Nb8 28.
Nb3 h5 29. Nxa5 h4 30. b4 f4 31. Re5 hxg3 32. fxg3 Qf6 33. Qd1 f3 34. Rf1 Qh6
35. Qc1 Qh2+ 36. Kf2 Qxg2+ 37. Ke1 Qxg3+ 38. Kd1 Kf8 39. Bg6 Rg7 40. Qg5 Qh4 41.
Qf4+ Ke7 42. Rg5 Qh2 43. Qd6+ Qxd6 44. cxd6+ Kxd6 45. Rxg4 Rhg8 46. Rxf3 Rxg6
47. Rxg6 Rxg6 48. Rf8 Kc7 49. Rf7+ Bd7 50. Nb3 Na6 51. a3 Rg2 52. Nd2 Kd6 53.
Kc2 Nc7 54. Kd3 Rg3+ 55. Nf3 Be8 56. Rf4 Bh5 0-1

[Event "Sardinia World Open A"]
[Site "Orosei ITA"]
[Date "2025.04.29"]
[Round "4.2"]
[White "Raja, Harshit"]
[Black "Yoo, Christopher Woojin"]
[Result "0-1"]
[WhiteTitle "GM"]
[BlackTitle "GM"]
[WhiteElo "2474"]
[BlackElo "2588"]
[WhiteFideId "5089000"]
[BlackFideId "30909694"]
[EventDate "2025.04.27"]

1. e4 c5 2. Nf3 d6 3. d4 cxd4 4. Nxd4 Nf6 5. Nc3 a6 6. Be3 e5 7. Nf3 Be7 8. Bc4
O-O 9. O-O Be6 10. Bb3 b5 11. Qe2 Qc8 12. Rfd1 h6 13. Nh4 Nc6 14. h3 Kh7 15.
Rac1 Na5 16. Ra1 Qb7 17. Bxe6 fxe6 18. Nf3 b4 19. Na4 Rac8 20. b3 Nxe4 21. Bb6
Nc3 22. Nxc3 Qxb6 23. Qe4+ g6 24. Na4 Qb7 25. Qxb7 Nxb7 26. Nxe5 Rxc2 27. Nd3 a5
28. Nb6 Bg5 29. Re1 e5 30. Nc4 e4 0-1

[Event "Sardinia World Open A"]
[Site "Orosei ITA"]
[Date "2025.04.29"]
[Round "4.3"]
[White "Sonis, Francesco"]
[Black "Travadon, Loic"]
[Result "0-1"]
[WhiteTitle "GM"]
[BlackTitle "IM"]
[WhiteElo "2576"]
[BlackElo "2451"]
[WhiteFideId "895733"]
[BlackFideId "26092131"]
[EventDate "2025.04.27"]

1. c4 e5 2. Nc3 Nf6 3. Nf3 e4 4. Ng5 c6 5. Ngxe4 Nxe4 6. Nxe4 d5 7. cxd5 cxd5 8.
Ng3 h5 9. e3 h4 10. Ne2 Nc6 11. d4 Qf6 12. Nc3 Qg6 13. a3 Bd6 14. b4 Bf5 15. Bb2
O-O 16. g3 Rfe8 17. Bg2 Bg4 18. Qd2 Rad8 19. O-O Qh5 20. Bxd5 Bc7 21. f3 Bh3 22.
g4 Qg5 23. f4 Qxg4+ 24. Kh1 Bxf1 25. Rxf1 Qh3 26. Rf3 Qf5 27. e4 Qg4 28. Rf1 h3
29. e5 Nxd4 30. Qf2 Bb6 31. Rg1 Nf5 32. Qxb6 Qg2+ 33. Bxg2 hxg2+ 34. Kxg2 axb6
35. Kf3 Rd2 36. Bc1 Rxh2 37. Nd5 Rd8 38. Ke4 g6 39. e6 Re2+ 40. Ne3 fxe6 41.
Rxg6+ Kf7 42. Rg2 Rd4+ 43. Kf3 Rxe3+ 44. Bxe3 Rd3 45. Re2 Rxa3 46. Kf2 Nxe3 47.
Rxe3 Rxe3 48. Kxe3 Kf6 49. Kd4 0-1

[Event "Sardinia World Open A"]
[Site "Orosei ITA"]
[Date "2025.04.29"]
[Round "4.4"]
[White "Narayanan, S.L."]
[Black "Admiraal, Miguoel"]
[Result "1-0"]
[WhiteTitle "GM"]
[BlackTitle "IM"]
[WhiteElo "2601"]
[BlackElo "2454"]
[WhiteFideId "5058422"]
[BlackFideId "1019716"]
[EventDate "2025.04.27"]

1. e4 c5 2. Nf3 Nc6 3. d4 cxd4 4. Nxd4 e5 5. Nb5 d6 6. N1c3 a6 7. Na3 Be6 8. Be3
Nf6 9. Nc4 Rb8 10. Bb6 Qd7 11. Qd2 d5 12. exd5 Nxd5 13. Nxd5 Qxd5 14. Qxd5 Bxd5
15. O-O-O Be6 16. Re1 f6 17. f4 Bxc4 18. Bxc4 Bd6 19. Re2 Ke7 20. Rd1 Rhc8 21.
c3 Nb4 22. Bb3 Bc5 23. Bxc5+ Rxc5 24. fxe5 fxe5 25. Red2 Rc7 26. Rd6 Rc6 27.
Rd7+ 1-0

[Event "Sardinia World Open A"]
[Site "Orosei ITA"]
[Date "2025.04.29"]
[Round "4.5"]
[White "Lodici, Lorenzo"]
[Black "Bettalli, Francesco"]
[Result "0-1"]
[WhiteTitle "GM"]
[BlackTitle "FM"]
[WhiteElo "2570"]
[BlackElo "2355"]
[WhiteFideId "884189"]
[BlackFideId "2816453"]
[EventDate "2025.04.27"]

1. Nf3 c5 2. b3 d5 3. e3 Nf6 4. Bb2 g6 5. Bb5+ Bd7 6. Be2 Nc6 7. c4 d4 8. exd4
cxd4 9. Nxd4 Nxd4 10. Bxd4 Bc6 11. Bxf6 exf6 12. Bf3 Qd4 13. Nc3 Bh6 14. O-O
Bxd2 15. Bxc6+ bxc6 16. Re1+ Kf8 17. Ne4 Rd8 18. Nxd2 Qxd2 19. Qf3 Kg7 20. Qxc6
Qc3 21. Qa6 Rd2 22. Qxa7 Re8 23. Rf1 Ree2 24. Rac1 Qb4 25. Ra1 Qc3 26. Rad1 Rxd1
27. Rxd1 Re1+ 0-1

[Event "Sardinia World Open A"]
[Site "Orosei ITA"]
[Date "2025.04.29"]
[Round "4.6"]
[White "Favaloro, Andrea"]
[Black "Amar, Elham"]
[Result "1/2-1/2"]
[WhiteTitle "IM"]
[BlackTitle "GM"]
[WhiteElo "2422"]
[BlackElo "2546"]
[WhiteFideId "885940"]
[BlackFideId "1533533"]
[EventDate "2025.04.27"]

1. Nf3 Nf6 2. g3 g6 3. Bg2 Bg7 4. d4 O-O 5. c4 d6 6. Nc3 Nbd7 7. O-O e5 8. e4
Re8 9. h3 exd4 10. Nxd4 Nc5 11. Re1 h6 12. f3 Nfd7 13. Be3 Ne5 14. b3 Ned3 15.
Rf1 a5 16. Qd2 c6 17. Rad1 a4 18. Nde2 axb3 19. axb3 Qa5 20. Bd4 Qb4 21. Bxg7
Kxg7 22. Qe3 Qxb3 23. Rxd3 Nxd3 24. Qxd3 Be6 25. Qd4+ Kg8 26. Rb1 Qxc4 27. Rxb7
Qxd4+ 28. Nxd4 Ra3 29. Nxe6 Rxc3 30. Nf4 Rc2 31. Rb1 Ra8 32. h4 Ra3 33. Rd1 c5
34. Rxd6 Ra1+ 35. Kh2 Raa2 36. Rd5 f6 37. Kh3 g5 38. Nh5 Rxg2 39. Nxf6+ Kf7 40.
hxg5 hxg5 41. Nd7 Rgc2 42. Rxc5 Ke6 1/2-1/2

[Event "Sardinia World Open A"]
[Site "Orosei ITA"]
[Date "2025.04.29"]
[Round "4.7"]
[White "Knaak, Rainer"]
[Black "Kiolbasa, Oliwia"]
[Result "0-1"]
[WhiteTitle "GM"]
[BlackTitle "IM"]
[WhiteElo "2472"]
[BlackElo "2361"]
[WhiteFideId "4611250"]
[BlackFideId "1154613"]
[EventDate "2025.04.27"]

1. d4 Nf6 2. c4 e6 3. Nf3 d5 4. Nc3 Bb4 5. e3 O-O 6. Bd3 b6 7. O-O Bb7 8. cxd5
exd5 9. Ne5 Bd6 10. f4 c5 11. Qf3 Nc6 12. Qh3 h6 13. Bd2 cxd4 14. Nxc6 Bxc6 15.
exd4 Ne4 16. Bxe4 dxe4 17. f5 Bc5 18. dxc5 Qxd2 19. Rad1 Qg5 20. b4 bxc5 21. b5
Bb7 22. Rd7 Rab8 23. Na4 e3 24. Nxc5 e2 25. Re1 Rfd8 26. Rd3 Rxd3 27. Nxd3 Re8
28. Qg3 Qxf5 29. a4 Qd5 30. Nf4 Qd4+ 31. Qf2 Qxa4 32. Rxe2 Rxe2 33. Nxe2 Qxb5 0-1

[Event "Sardinia World Open A"]
[Site "Orosei ITA"]
[Date "2025.04.29"]
[Round "4.8"]
[White "Yaniv, Yuval"]
[Black "Martinovici, Ilia"]
[Result "1/2-1/2"]
[WhiteTitle "IM"]
[BlackTitle "IM"]
[WhiteElo "2407"]
[BlackElo "2459"]
[WhiteFideId "2823900"]
[BlackFideId "13907034"]
[EventDate "2025.04.27"]

1. e4 e5 2. Nf3 Nc6 3. Bb5 a6 4. Ba4 Bc5 5. O-O Nge7 6. c3 Ba7 7. d4 Ng6 8. Bxc6
dxc6 9. Nxe5 Nxe5 10. dxe5 Qh4 11. Qf3 Rg8 12. Nd2 Bg4 13. Qd3 Rd8 14. Qg3 g5
15. Nf3 Qxg3 16. hxg3 h6 17. Re1 Rd3 18. Nh2 Be6 19. Nf1 Ke7 20. Be3 Bxe3 21.
Rxe3 Rxe3 22. Nxe3 g4 23. a3 Rg5 24. Re1 Rxe5 25. f3 a5 26. Kf2 h5 27. Rd1 f6
28. Rd2 Rb5 29. f4 a4 30. Ke2 Ra5 31. Rd1 Rb5 32. Rd2 Ra5 33. Rd1 Rb5 1/2-1/2

[Event "Sardinia World Open A"]
[Site "Orosei ITA"]
[Date "2025.04.29"]
[Round "4.9"]
[White "Dardha, Daniel"]
[Black "Kalosha, Zhiulien Oleksii"]
[Result "1-0"]
[WhiteTitle "GM"]
[BlackTitle "FM"]
[WhiteElo "2650"]
[BlackElo "2315"]
[WhiteFideId "240990"]
[BlackFideId "14183706"]
[EventDate "2025.04.27"]

1. e4 e5 2. Nf3 Nc6 3. Bc4 Nf6 4. d3 Bc5 5. Nc3 h6 6. Be3 Bxe3 7. fxe3 d6 8. a3
O-O 9. Qe2 Be6 10. O-O-O d5 11. exd5 Nxd5 12. Bxd5 Bxd5 13. g4 Qd7 14. Rhg1 g6
15. Nh4 Ne7 16. e4 Be6 17. Rg3 f6 18. Nf5 Kh7 19. Rdg1 Rg8 20. Ne3 Raf8 21. Rf1
g5 22. h4 gxh4 23. Rgg1 Rg5 24. Qh2 Ng6 25. Kb1 Nf4 26. Qxh4 Rfg8 27. Rh1 R8g6
28. Qf2 b6 29. Qh4 c6 30. Qe1 Bxg4 31. Rh2 h5 32. Nxg4 Qxg4 33. Nd1 Qg3 34. Qd2
h4 35. Ne3 h3 36. Nf5 Qg2 37. Rxg2 hxg2 38. Rg1 Nh3 39. Rxg2 Rxg2 40. Qb4 c5 41.
Qa4 Rg7 42. Nxg7 Rxg7 43. Qc6 Rf7 44. a4 Nf4 45. a5 bxa5 46. Qxc5 a4 47. Qc4 1-0

[Event "Sardinia World Open A"]
[Site "Orosei ITA"]
[Date "2025.04.29"]
[Round "4.10"]
[White "Xu, Grant"]
[Black "Samunenkov, Ihor"]
[Result "0-1"]
[WhiteTitle "FM"]
[BlackTitle "GM"]
[WhiteElo "2304"]
[BlackElo "2572"]
[WhiteFideId "2052318"]
[BlackFideId "14187086"]
[EventDate "2025.04.27"]

1. e4 c5 2. c3 d5 3. exd5 Qxd5 4. d4 Nf6 5. Nf3 e6 6. Na3 a6 7. Nc4 Nbd7 8. Be2
b5 9. Na5 Bd6 10. c4 bxc4 11. Nxc4 Bc7 12. O-O O-O 13. dxc5 Nxc5 14. Be3 Nce4
15. Qc2 Bb7 16. Rfd1 Qc6 17. Nd4 Qe8 18. Bf3 Bd5 19. Rac1 Qb8 20. h3 Rc8 21. Qe2
a5 22. Na3 a4 23. Nab5 Bh2+ 24. Kh1 Be5 25. Rxc8+ Qxc8 26. Rc1 Qb7 27. Nc3 Nxc3
28. bxc3 Rc8 29. c4 Bxf3 30. Nxf3 Bb2 31. Rb1 a3 32. Bd4 Qe4 33. Re1 Bxd4 34.
Qd2 Qc6 35. Qxd4 Qxc4 36. Qxc4 Rxc4 37. Re3 Ne4 38. Rxa3 g6 39. Ne5 Nxf2+ 40.
Kg1 Rf4 41. Ra8+ Kg7 42. a4 Rf5 43. Nc6 Nd3 44. a5 Rc5 45. Nd8 Rc1+ 46. Kh2 Ne5
47. a6 Ra1 48. Nb7 Nc6 49. Nc5 Ra5 50. Rc8 Nb4 51. g4 Nxa6 52. Ne4 g5 53. Ng3
Nc5 54. Nh5+ Kh6 55. Rc7 Kg6 56. Rc8 Ra2+ 57. Kg1 Nd7 58. Ng3 Nf6 59. Rf8 Rb2
60. Kh1 Rb7 61. Ra8 Rb3 62. Kh2 h5 63. gxh5+ Nxh5 64. Ne4 Rb2+ 65. Kg1 Nf6 66.
Ng3 Kg7 67. Ra7 Nd5 68. Ne4 Kg6 69. Nd6 f6 70. Ra4 f5 71. Ra3 Nf4 72. Nc4 Re2
73. Nd6 Kh5 74. Nf7 Kh4 75. Ra4 Re3 76. Kf2 Rxh3 77. Ra8 g4 78. Rh8+ Nh5 0-1

[Event "Sardinia World Open A"]
[Site "Orosei ITA"]
[Date "2025.04.29"]
[Round "4.11"]
[White "Haver, Bas"]
[Black "Moroni, Luca Jr"]
[Result "0-1"]
[WhiteTitle "FM"]
[BlackTitle "GM"]
[WhiteElo "2281"]
[BlackElo "2545"]
[WhiteFideId "1039849"]
[BlackFideId "865834"]
[EventDate "2025.04.27"]

1. e4 c5 2. Nf3 Nc6 3. d4 cxd4 4. Nxd4 Nf6 5. Nc3 h5 6. f3 e5 7. Ndb5 d6 8. Bg5
a6 9. Na3 Be6 10. Nc4 Rc8 11. Be3 Nb4 12. Nb6 Rc6 13. a3 Rxb6 14. Bxb6 Qxb6 15.
axb4 Qxb4 16. Qd2 g6 17. Nd1 d5 18. Qxb4 Bxb4+ 19. c3 Bc5 20. b4 Bb6 21. b5 a5
22. exd5 Nxd5 23. Bc4 Ke7 24. Bxd5 Bxd5 25. Nb2 f5 26. O-O-O Bb3 27. Rd3 a4 28.
Nxa4 Bxa4 29. Re1 Ke6 30. Rd2 Rc8 31. Ra2 Bxb5 0-1

[Event "Sardinia World Open A"]
[Site "Orosei ITA"]
[Date "2025.04.29"]
[Round "4.12"]
[White "Stocek, Jiri"]
[Black "Urbani, Gabriel"]
[Result "0-1"]
[WhiteTitle "GM"]
[BlackTitle "FM"]
[WhiteElo "2492"]
[BlackElo "2277"]
[WhiteFideId "304760"]
[BlackFideId "2830138"]
[EventDate "2025.04.27"]

1. d4 d5 2. Nf3 Nf6 3. c4 e6 4. Nc3 c5 5. e3 cxd4 6. exd4 Be7 7. cxd5 Nxd5 8.
Bc4 O-O 9. O-O Nc6 10. Re1 b6 11. Nxd5 exd5 12. Bb5 Bd7 13. Qa4 Rc8 14. Bf4 Bf6
15. Rac1 Nb8 16. Rxc8 Qxc8 17. Bxb8 Bxb5 18. Qxb5 Qxb8 19. Qxd5 Rd8 20. Qc6 h6
21. g3 Kh7 22. h4 h5 23. Kg2 Rd6 24. Qe4+ g6 25. Qf4 Kg7 26. Re8 Qxe8 27. Qxd6
Qe4 28. b4 b5 29. Qc5 Bxh4 30. Qe5+ Qxe5 31. Nxe5 Bd8 32. Nc6 Bb6 33. d5 Kf8 34.
f4 Ke8 35. Kf3 f6 36. d6 Kd7 37. Ne7 Kxd6 38. Nxg6 f5 39. Nh4 Ke6 40. Ke2 Bd4
41. Nf3 Kd5 42. Ng5 Bc3 43. Nh7 Kc4 44. Kd1 Kxb4 45. Kc2 Kc4 46. Kd1 Kd3 47. Ng5
b4 0-1

[Event "Sardinia World Open A"]
[Site "Orosei ITA"]
[Date "2025.04.29"]
[Round "4.13"]
[White "Lumachi, Gabriele"]
[Black "Perossa, Nicolas"]
[Result "1/2-1/2"]
[WhiteTitle "IM"]
[BlackTitle "FM"]
[WhiteElo "2443"]
[BlackElo "2274"]
[WhiteFideId "2817247"]
[BlackFideId "2850520"]
[EventDate "2025.04.27"]

1. c4 e6 2. g3 d5 3. Bg2 Nf6 4. Nf3 dxc4 5. Qa4+ Bd7 6. Qxc4 c5 7. Ne5 Qc8 8.
Qd3 Nc6 9. Nxd7 Qxd7 10. Qxd7+ Kxd7 11. Nc3 Rc8 12. b3 Be7 13. Bb2 Rhd8 14. d3
Ke8 15. Rd1 Kf8 16. e3 Nb4 17. Ke2 Nfd5 18. Nxd5 Nxd5 19. Rc1 b5 20. Rhd1 a5 21.
Rd2 Rc7 22. h4 Ra7 23. d4 Rad7 24. Bxd5 Rxd5 25. Rdc2 cxd4 26. Bxd4 Ba3 27. Bb2
Bxb2 28. Rxb2 g6 29. Rc7 R8d7 30. Rxd7 Rxd7 31. Rc2 Ke7 32. Rc8 Rd5 33. e4 Rd4
34. Ke3 Rb4 35. Rc7+ Kf6 36. g4 h6 37. f4 g5 38. e5+ Kg7 39. hxg5 hxg5 40. f5
Kg8 41. Rb7 a4 42. bxa4 Rxa4 43. Rxb5 Rxg4 44. fxe6 fxe6 45. Ra5 Kf7 46. Ra6 Rg1
47. Kf2 Rc1 48. Ra3 Rc5 49. Rf3+ Kg7 50. a4 Rxe5 51. Ra3 Ra5 52. Ke3 Kg6 53. Ke4
Kh5 54. Kf3 Kh4 55. Ra1 g4+ 56. Kg2 e5 57. Ra3 e4 58. Ra1 e3 59. Re1 Re5 60. a5
Kg5 61. a6 Kf4 62. Rf1+ Ke4 63. Ra1 Re8 64. a7 Ra8 65. Ra4+ Ke5 1/2-1/2

[Event "Sardinia World Open A"]
[Site "Orosei ITA"]
[Date "2025.04.29"]
[Round "4.14"]
[White "Panjwani, Raja"]
[Black "Zakin, Ilay"]
[Result "0-1"]
[WhiteTitle "IM"]
[BlackTitle "FM"]
[WhiteElo "2443"]
[BlackElo "2254"]
[WhiteFideId "2604493"]
[BlackFideId "2848279"]
[EventDate "2025.04.27"]

1. d4 Nf6 2. c4 g6 3. g3 Bg7 4. Bg2 O-O 5. Nc3 d6 6. Nf3 b6 7. O-O Bb7 8. d5 a5
9. Nd4 Na6 10. Rb1 Nc5 11. b3 Kh8 12. a3 e5 13. Nc6 Bxc6 14. dxc6 Ng8 15. Bd5
Ne7 16. b4 axb4 17. axb4 Ne6 18. Bb2 Qc8 19. Ra1 Rxa1 20. Bxa1 Nd4 21. b5 Ne6
22. e3 Nc5 23. Kg2 f5 24. f4 Qa8 25. Rf2 Qa3 26. Ra2 Qb3 27. Qxb3 Nxb3 28. Bb2
Na5 29. Be6 Ra8 30. fxe5 Bxe5 31. Nd5 Bxb2 32. Nxe7 Bf6 33. Nd5 Bd8 34. Ra4 Ra7
35. Rb4 Kg7 36. Kf3 Bf6 37. Ke2 Be5 38. Kd3 h5 39. Rb1 Kh6 40. Ne7 Kg5 41. Nc8
Ra8 42. Rb4 Rb8 43. Ra4 Nb3 44. Ra7 Nc5+ 45. Ke2 Nxe6 46. Ne7 d5 47. h4+ Kg4 48.
cxd5 Nf8 49. Ng8 Kxg3 50. Nh6 Rd8 51. Ra3 Kxh4 52. Rd3 Ra8 53. Nf7 Bg3 54. Rd4+
Kh3 55. d6 Ne6 56. d7 Nxd4+ 57. exd4 Bh4 58. d5 Kg3 59. d6 Ra7 60. d8=Q Bxd8 61.
Nxd8 cxd6 62. Nb7 f4 63. c7 f3+ 64. Ke3 Ra8 65. Nxd6 Kg2 66. Kd4 f2 67. Nc4 Rc8 0-1

[Event "Sardinia World Open A"]
[Site "Orosei ITA"]
[Date "2025.04.29"]
[Round "4.15"]
[White "Vagman, Roy"]
[Black "Hercegovac, Neven"]
[Result "0-1"]
[WhiteTitle "FM"]
[BlackTitle "FM"]
[WhiteElo "2437"]
[BlackElo "2238"]
[WhiteFideId "2828995"]
[BlackFideId "2839135"]
[EventDate "2025.04.27"]

1. e4 d6 2. d4 Nf6 3. Nc3 e5 4. Nge2 c6 5. h3 b5 6. a3 h5 7. Ng1 Nbd7 8. Nf3 Be7
9. Be2 Bb7 10. Ng5 a6 11. O-O exd4 12. Qxd4 c5 13. Qe3 O-O 14. f4 Re8 15. Qg3
Bf8 16. Bf3 Ra7 17. b4 g6 18. Rd1 Qb6 19. Be3 d5 20. e5 d4 21. Bf2 dxc3 22. exf6
Nxf6 23. Bxb7 Rxb7 24. Qxc3 Rc7 25. Qd3 Qc6 26. f5 Re5 27. Bg3 Rxf5 28. Nf3 Rd7
29. Qe2 Rxd1+ 30. Rxd1 cxb4 31. axb4 Bxb4 32. Rd8+ Kg7 33. Kh2 Rd5 34. Ne5 Qe6
35. Rxd5 Qxd5 36. c4 Qe4 37. Qb2 h4 38. Bf2 Bd6 39. Bd4 Nd7 40. cxb5 axb5 0-1